| 000 | 00404nam a2200181Ia 4500 | ||
|---|---|---|---|
| 008 | 240510s9999 xx 000 0 und d | ||
| 020 | _a9789550258000 | ||
| 041 | _asih | ||
| 082 | _a891.483 | ||
| 082 | _bE41 | ||
| 100 | _aEKANAYAKE, Gunarathna | ||
| 245 | 0 | _aUthuren Dakunata | |
| 260 | _bColombo :Nipun book Publishers | ||
| 260 | _c9871 | ||
| 300 | _a302 p. | ||
| 942 | _2ddc | ||
| 942 | _cLBK | ||
| 999 |
_c28533 _d28533 |
||
| 945 |
_a1 _bMadushi Gamage _c1 _dMadushi Gamage |
||